000 00971nas a2200337 4500
001 BR6008793
003 BR-BrBNA
005 20231205082117.0
007 ta
008 230509b bl.|||p| |||| 00| 00por d
040 _aBR-BrBNA
_bpor
_cBiblioteca Nacional de Agricultura
041 _a(Pt)
072 _aP12; F00; F60
100 1 _aManica, I.
100 1 _aSimao, S.
100 1 _aScardua, R.
245 1 _aIrrigacao em sulcos e sua influencia no crescimento e producao da planta matriz de banana (Musa cavendishii Lambert)Cv. "Nanicao"
650 _aIRRIGACAO
650 _aFISIOLOGIA VEGETAL
650 _aBANANA NANICA
650 _aSULCO
650 _aCOLHEITA
650 _aPLANTIO
650 _aCRESCIMENTO
650 _aFLORACAO
650 _aFRUTO
650 _aCACHO
773 0 _tRevista Ceres (Brazil)
_xISSN 0034-737X
_g(Mar 1975), v. 22(120) p. 88-108
_wBR6008793
909 _a202311
_bLúcia
_c55
_dLúcia Elande
942 _2AGRIS
_n0
_cANA
999 _c89232
_d89232